Singing a song

Bibliographic Details
Main Author: Parker, Steve
Format: Book
Published: London : Franklin Watts , 1991
Series:The body in action
Subjects:

MARC

LEADER 00000cam a2200000 7i4500
001 0000005505
002 000005950
005 20060123.0
020 |a 0749606207 
090 0 0 |a 611   |b BOD 
100 1 |a Parker, Steve 
245 1 0 |a Singing a song   |c Steve Parker 
260 |a London :   |b Franklin Watts ,   |c 1991 
300 |a 32 p. :   |b ill. ;   |c 27 cm. 
490 0 |a The body in action 
650 0 0 |a Singing   |x Juvenile literature 
999 |a 026932   |b BUKU   |c JUNIOR BOOKS   |e PERPUSTAKAAN KOMUNITI CAW KOTA DAMANSARA